| 000 | 01913pam a2200289 a 4500 | ||
|---|---|---|---|
| 999 |
_c129263 _d129263 |
||
| 001 | 4785733 | ||
| 003 | ARRUPE | ||
| 005 | 20190327120213.0 | ||
| 008 | 870427s1987 ilu b 101 0 eng | ||
| 010 | _a 87010952 | ||
| 020 | _a0226422313 | ||
| 040 |
_aDLC _cDLC _dDLC |
||
| 050 | 0 | 0 |
_aBF723.M54 _bE48 1987 |
| 082 | 0 | 0 |
_a155.4/23 _219 |
| 245 | 0 | 4 |
_aThe Emergence of morality in young children / _cedited by Jerome Kagan and Sharon Lamb. |
| 260 |
_aChicago : _bUniversity of Chicago Press, _c1987. |
||
| 300 |
_axx, 354 p. ; _c24 cm. |
||
| 500 | _aPapers presented at a conference sponsored by the MacArthur Foundation's Health Sciences Program held at Harvard University in 1985. | ||
| 504 | _aIncludes bibliographies and index. | ||
| 505 | 0 | _aCulture and moral development / Richard A. Shweder, Manamohan Mahapatra, and Joan G. Miller. Comment: the psychological definitions of morality / Augusto Blasi -- The beginnings of moral understanding / Judy Dunn. Comment: language and the beginnings of moral understanding / Catherine Snow -- Culture and the construction of moral values / Carolyn Pope Edwards. Comment: alternative approaches to moral socialization / Edward Mueller -- Morality: its structure, functions, and vagaries / Elliot Turiel, Melanie Killen, and Charles C. Helwig -- The do's and don'ts of early moral development / Robert Emde, William F. Johnson, and M. Ann Easterbrooks -- The origins of morality in early childhood relationships / Carol Gilligan and Grant Wiggins -- Particularity and responsiveness / Lawrence Blum. | |
| 650 | 0 |
_aMoral development _xCongresses. _945399 |
|
| 700 | 1 |
_aKagan, Jerome. _945400 |
|
| 700 | 1 |
_aLamb, Sharon. _945401 |
|
| 710 | 2 |
_aJohn D. and Catherine T. MacArthur Foundation. _bHealth Sciences Program. _945402 |
|
| 906 |
_a7 _bcbc _corignew _d1 _eocip _f19 _gy-gencatlg |
||
| 942 |
_2lcc _cMONOGRAPH |
||